| 000 | 00452nam a2200157 i 4500 | ||
|---|---|---|---|
| 001 | 61908 | ||
| 003 | ES-MaACL | ||
| 005 | 20230906164552.0 | ||
| 007 | t| | ||
| 008 | 031114s1972 sp ||||1| spa d | ||
| 100 | 1 |
_aFé, María Dolores de la. _949034 |
|
| 245 | 1 | 0 |
_aHappenings para Jacob / _cMaría Dolores de la Fé. |
| 260 |
_aMadrid : _bE.M.E.S.A., _c[1972] |
||
| 300 |
_a279 p. : _b1 retr. aut. ; _c18 cm. |
||
| 852 |
_aES-MaACL _jC-53152 _bR.84783 |
||
| 999 |
_c61908 _d61908 |
||